<?xml version="1.0" encoding="UTF-8"?>
<marc:record xmlns:marc="http://www.loc.gov/MARC21/slim">
   <marc:leader>00000nam a2200000 a 4500</marc:leader>
   <marc:datafield ind1="1" ind2=" " tag="100">
      <marc:subfield code="a">Glauser, Friedrich</marc:subfield>
      <marc:subfield code="4">aut</marc:subfield>
      <marc:subfield code="e">Verfasser/-in</marc:subfield>
   </marc:datafield>
   <marc:datafield ind1="1" ind2=" " tag="100">
      <marc:subfield code="a">Michel, Markus</marc:subfield>
   </marc:datafield>
   <marc:datafield ind1="1" ind2=" " tag="100">
      <marc:subfield code="a">Bopp, Martin</marc:subfield>
   </marc:datafield>
   <marc:datafield ind1="1" ind2=" " tag="100">
      <marc:subfield code="a">Ehrlich, Peter</marc:subfield>
   </marc:datafield>
   <marc:datafield ind1="0" ind2="0" tag="245">
      <marc:subfield code="a">Matto regiert</marc:subfield>
   </marc:datafield>
   <marc:datafield ind1="0" ind2="0" tag="245">
      <marc:subfield code="b">Kriminalhörspiel</marc:subfield>
   </marc:datafield>
   <marc:datafield ind1="0" ind2="0" tag="245">
      <marc:subfield code="c">Friedrich Glauser. Mit Peter Ehrlich ... Regie: Martin Bopp. Hörspielbearb.: Markus Michel. Prod.: SWR ...</marc:subfield>
   </marc:datafield>
   <marc:datafield ind1=" " ind2="1" tag="264">
      <marc:subfield code="a">[Berlin]</marc:subfield>
      <marc:subfield code="b">¬Der¬ Audio-Verl.</marc:subfield>
      <marc:subfield code="c">2001</marc:subfield>
   </marc:datafield>
   <marc:datafield ind1="1" ind2=" " tag="520">
      <marc:subfield code="a">Der dritte Studer-Krimi "Matto regiert" (vgl. auch MI 10/99 und 5/00) überzeugt in seiner Hörspielumsetzung, wie überhaupt diese Reihe der mit dem Schweizer Radio DRS2 entstandenen Produktionen Beleg dafür ist, wie atmosphärisch Kriminalromane darzustellen sind. Zwar verlässt sich Markus Michel in seiner Bearbeitung des Romans von Friedrich Glauser stark auf das Ensemble, liefert Regisseur Martin Bopp fast einen reinen Dialogkrimi, doch eben genau dies ist hier die Qualität. Die Irrenanstalt im Kanton Bern in den Zwanzigerjahren wird während der Ermittlungen des Wachtmeisters Studer hinsichtlich des verschwundenen Direktors so intensiv erlebt, dass es offensichtlich wird, dass auch Glausers eigenes Erleben hier stark mit eingeflossen ist. Peter Ehrlicher als Erzähler, der wirklich nur akkurat fürs inhaltliche Verstehen spricht, keine Monologe abliefert, und einmal mehr Heinz Bühlmann mit seinem unverwechselbaren "schwyzer" Idiom werden ergänzt durch einen Michael Maassen als behandelnder Arzt, der einen großartigen Widerpart liefert. "Matto regiert", ein ganz besonderes Highlight der Studer-Reihe.</marc:subfield>
   </marc:datafield>
   <marc:datafield ind1=" " ind2=" " tag="020">
      <marc:subfield code="a">3898131335</marc:subfield>
      <marc:subfield code="9">3898131335</marc:subfield>
   </marc:datafield>
   <marc:datafield ind1=" " ind2=" " tag="300">
      <marc:subfield code="e">Booklet (12 S.) in Box</marc:subfield>
   </marc:datafield>
   <marc:datafield ind1="0" ind2=" " tag="490">
      <marc:subfield code="v">0</marc:subfield>
   </marc:datafield>
   <marc:datafield ind1=" " ind2=" " tag="542">
      <marc:subfield code="d">Südwestrundfunk &lt;Baden-Baden&gt;</marc:subfield>
   </marc:datafield>
   <marc:datafield ind1=" " ind2=" " tag="300">
      <marc:subfield code="a">1 CD</marc:subfield>
   </marc:datafield>
</marc:record>
